000 01129nam0a22002411 4500
001 rc\1147518
005 20260406200424.0
035 _a(NLR Aleph) 006393343
090 _a5169517
_c5169517
100 _a20041129d1980 |||y0rusy50 ca
101 0 _arus
102 _aRU
105 _aa |||||||||
200 1 _aМетодика адаптации к слуховому аппарату позднооглохших с тяжелыми нарушениями слуха
_eМетод. рекомендации
_fМ-во здравоохранения УССР, [КиевНИИ отоларингологии им. проф. А.И. Коломийченко
_gСост. Т.Г. Милоченко, д. м. н. Т.В. Шидловская]
210 _aКиев
_cБ. и.
_d1980
215 _a22 с., 1 л. схем.
_cграф.
_d20
702 1 _aМилоченко
_bТ.Г.
_4220
712 0 2 _aКиевский НИИ отоларингологии им. А. И. Коломийченко
_3RU\NLR\AUTH\889959911
_9416060
801 0 _aRU
_bNLR
_gpsbo
801 1 _aRU
_bELAR
_2rusmarc
852 _aNLR
_j81-4/7935
942 _cBOOK
980 _aNB